रामु न सकहिं नाम गुन गाई/ (Record no. 214885)

MARC details
000 -LEADER
fixed length control field 00827nam a2200193 4500
005 - DATE AND TIME OF LATEST TRANSACTION
control field 20260213160008.0
010 ## - LCCN (DPL NO)
LC control number HIN-131114
020 ## - INTERNATIONAL STANDARD BOOK NUMBER
Terms of availability 400.00
International Standard Book Number 9788196852863
035 ## - SYSTEM CONTROL NUMBER
System control number HN-103460
037 ## - SOURCE OF ACQUISITION
Source of stock number/acquisition DBAD
082 ## - DEWEY DECIMAL CLASSIFICATION NUMBER
Classification number 230
100 ## - MAIN ENTRY--PERSONAL NAME
Personal name उदय प्रताप शिंह
245 ## - TITLE STATEMENT
Title रामु न सकहिं नाम गुन गाई/
Statement of responsibility, etc उदय प्रताप सिंह {एवं} अवंतिका सिंह
250 ## - EDITION STATEMENT
Edition statement 1
260 ## - PUBLICATION, DISTRIBUTION, ETC. (IMPRINT)
Place of publication, distribution, etc दिल्ली
Name of publisher, distributor, etc जनवाणी प्रकाशन प्रा. लि.
Date of publication, distribution, etc 2024
270 ## - ADDRESS
Address 30/35-36,गली नं. 9, विश्वास नगर शाहदरा
City दिल्ली
Postal code 110032
300 ## - PHYSICAL DESCRIPTION
Extent 144पृ.
Dimensions 22 सेमी (सजिल्द)
942 ## - ADDED ENTRY ELEMENTS (KOHA)
Source of classification or shelving scheme Dewey Decimal Classification
Item type Hindi Books
Classification part 230
Call number suffix उदय
Holdings
Withdrawn status Lost status Not for loan Collection code Home library Current library Date acquired Source of acquisition Cost, normal purchase price Full call number Barcode Copy number Cost, replacement price Koha item type
    Not For Loan Non-fiction D.B.Act.Division D.B.Act.Division 13/02/2026 DBAD 400.00 230 उदय HN-103460 1 400.00 Hindi Books

© Delhi Public Library
Hit Counter
free hit counter